| 000 | 00471nam a2200193Ia 4500 | ||
|---|---|---|---|
| 005 | 20240823033127.0 | ||
| 008 | 240823s9999||||xx |||||||||||||| ||und|| | ||
| 020 | _a81-239-0846-6 | ||
| 041 | _aENGLISH | ||
| 082 | _A531.32 P4 | ||
| 100 | _aFrancis S Tse et al. | ||
| 245 | 0 | _aMechanical Vibrations | |
| 250 | _a2nd | ||
| 260 |
_c2004 _b"CBS Publishers & Distributors,New " |
||
| 500 | _aYES | ||
| 650 |
_aVibrations _bMechanical |
||
| 942 | _cBK | ||
| 999 |
_c195075 _d195075 |
||